Soviet physics, Doklady.

Wedi'i Gadw mewn:
Manylion Llyfryddiaeth
Teitl Newydd:Docklady Akademii nauk. English. Physics-Docklady
Awduron Corfforaethol: Rossiĭskai︠a︡ akademii︠a︡ nauk, American Institute of Physics
Fformat: Cylchgrawn
Iaith:English
Russian
Cyhoeddwyd: New York : American Institute of Physics, 1956-1993.
Pynciau:
LEADER 06169nas a2201057 a 4500
001 c000183511
003 CARM
005 20181019133441.0
008 770311d19561992nyumr1p 0 a0eng
010 |a 58032694 //r932 
019 1 |a 892611  |z 45773787  |5 LACONCORD2021 
022 0 |a 0038-5689 
030 |a SPHDA9 
035 |a (OCoLC)1909463  |5 LACONCORD2021 
040 |a LC  |b eng  |c LC  |d NUN:P 
041 1 |a eng  |h rus 
042 |a nsdp  |a lc 
050 4 |a QC1  |b .A386 
082 0 4 |a 530.5  |2 20 
130 0 |a Doklady Akademii nauk SSSR.  |l English.  |k Selections (Physics section) 
210 0 |a Sov. phys. dokl 
222 0 |a Soviet physics. Doklady 
245 1 0 |a Soviet physics, Doklady. 
260 |a New York :  |b American Institute of Physics,  |c 1956-1993. 
300 |a 37 v. :  |b ill. ;  |c 28 cm. 
310 |a Monthly  |b <July 1977-> 
321 |a Six no. a year,  |b 1956-<July 1977> 
362 0 |a Vol. 1 (Aug. 1956)-v. 37, no. 12 (Dec. 1992) 
510 1 |a Computer & control abstracts  |x 0036-8113  |b 1968- 
510 1 |a Electrical & electronics abstracts  |x 0036-8105  |b 1968- 
510 1 |a Physics abstracts  |x 0036-8091  |b 1968- 
510 1 |a SPIN  |b 1970- 
510 2 |a Current physics index  |x 0098-9819 
510 2 |a Electronics and Communications abstracts journal (Riverdale)  |x 0361-3313 
510 2 |a Energy research abstracts  |x 0160-3604  |b Sept. 1974- 
510 2 |a GeoRef  |x 0197-7482 
510 2 |a International aerospace abstracts  |x 0020-5842 
510 2 |a ISMEC bulletin  |x 0306-0039 
510 2 |a Mathematical reviews  |x 0025-5629 
510 2 |a Pollution abstracts with indexes  |x 0032-3624 
510 2 |a Safety science abstracts journal  |x 0160-1342 
515 |a Also has volume and chronological designation of the Russian original. 
530 |a Available on microfilm. 
546 |a "A translation of the 'Physics Sections' of the Proceedings of the Academy of Sciences of the USSR." 
650 0 |a Physics  |v Periodicals. 
710 2 |a Rossiĭskai︠a︡ akademii︠a︡ nauk. 
710 2 |a American Institute of Physics. 
765 0 |t Doklady Akademii nauk SSSR  |x 0002-3264  |w (DLC) 49037331  |w (OCoLC)1478791 
785 0 0 |t Docklady Akademii nauk. English. Physics-Docklady  |w (DLC)93646142. 
852 8 |b CARM  |h A3:AB07A3  |i D07926  |p 0255425  |j 20:1(1975:01)-20:6(1975:06)  |f SE 
852 8 |b CARM  |h A3:AB05B0  |i D07925  |p 0255424  |j 6(1961/62)-7(1962/63),31:7(1986:07)-32:12(1987:12)  |f SE 
852 8 |b CARM  |h A3:AB07A1  |i D07930  |p 0255426  |j 20:7(1975:07)-24:6(1979:06)  |f SE 
852 8 |b CARM  |h A3:AB07A4  |i D07929  |p 0255428  |j 24:7(1979:07)-27:12(1982:12)  |f SE 
852 8 |b CARM  |h A3:AB07A0  |i D07934  |p 0255427  |j 28:1(1983:01)-31:6(1986:06)  |f SE 
852 8 |b CARM  |i F09612  |p 0481478  |j 33:2(1988:02)-35:8(1990:08)  |f SE 
852 8 |b CARM  |i F09613  |p 0481487  |j 35:9(1990:09)-37:11(1992:11)  |f SE 
852 8 |b CARM  |h A3:AB07A2  |i D07931  |p 0255429  |j 12:1(1967:07)-14:12(1970:06)  |f SE 
852 8 |b CARM  |h A3:AB07A0  |i D07933  |p 0255430  |j 15:1(1970:07)-17:12(1973:06)  |f SE 
852 8 |b CARM  |h A2:AR18F0  |i D07972  |p 0256573  |j 18:1(1973:07)-19:12(1975:06)  |f SE 
852 8 |b CARM  |h A2:AQ29B0  |i D08799  |p 0259666  |j 9(1964/65)-11(1967)  |f SE 
852 8 |b CARM  |h A2:AQ27F0  |i E01765  |p 0273547  |j 8(1963/64)  |f SE 
852 8 |b CARM  |i F09611  |p 0481477  |j 4:04(1960:02)-5:06(1961:05/06)  |f SE 
852 8 |b CARM  |i F09608  |p 0481475  |j 2:01(1957:01/02)-4:03(1960:12)  |f SE 
852 8 |b SCAN  |h A3:AJ21E0  |i F09608  |p 0481475  |f SE 
852 8 |b SCAN  |h A3:AJ21E0  |i F09612  |p 0481478  |f SE 
852 8 |b SCAN  |h A3:AJ21E0  |i F09613  |p 0481487  |f SE 
852 8 |b SCAN  |h A3:AJ25E0  |i F09611  |p 0481477  |f SE 
852 8 |b SCAN  |h A3:AJ21E0  |i F09608  |p 0481475  |f SE 
852 8 |b SCAN  |h A3:AJ21E0  |i F09612  |p 0481478  |f SE 
852 8 |b SCAN  |h A3:AJ21E0  |i F09613  |p 0481487  |f SE 
852 8 |b SCAN  |h A3:AJ25E0  |i F09611  |p 0481477  |f SE 
866 0 |a 2:01(1957)-37:11(1992) Inc. 
999 f f |i f31fdc95-a249-5cc8-b17d-af055e138ded  |s d7c858cd-0f1c-55fa-8619-d11619fd581c 
952 f f |p Can circulate  |a CAVAL  |b CAVAL  |c CAVAL  |d CARM 1 Store  |e D07933  |f A3:AB07A0  |h Other scheme  |i book  |k 15:1(1970:07)-17:12(1973:06)  |m 0255430 
952 f f |p Can circulate  |a CAVAL  |b CAVAL  |c CAVAL  |d CARM 1 Store  |e F09611  |h Other scheme  |i book  |k 4:04(1960:02)-5:06(1961:05/06)  |m 0481477 
952 f f |p Can circulate  |a CAVAL  |b CAVAL  |c CAVAL  |d CARM 1 Store  |e D07972  |f A2:AR18F0  |h Other scheme  |i book  |k 18:1(1973:07)-19:12(1975:06)  |m 0256573 
952 f f |p Can circulate  |a CAVAL  |b CAVAL  |c CAVAL  |d CARM 1 Store  |e F09608  |h Other scheme  |i book  |k 2:01(1957:01/02)-4:03(1960:12)  |m 0481475 
952 f f |p Can circulate  |a CAVAL  |b CAVAL  |c CAVAL  |d CARM 1 Store  |e F09612  |h Other scheme  |i book  |k 33:2(1988:02)-35:8(1990:08)  |m 0481478 
952 f f |p Can circulate  |a CAVAL  |b CAVAL  |c CAVAL  |d CARM 1 Store  |e D07925  |f A3:AB05B0  |h Other scheme  |i book  |k 6(1961/62)-7(1962/63),31:7(1986:07)-32:12(1987:12)  |m 0255424 
952 f f |p Can circulate  |a CAVAL  |b CAVAL  |c CAVAL  |d CARM 1 Store  |e D07931  |f A3:AB07A2  |h Other scheme  |i book  |k 12:1(1967:07)-14:12(1970:06)  |m 0255429 
952 f f |p Can circulate  |a CAVAL  |b CAVAL  |c CAVAL  |d CARM 1 Store  |e D08799  |f A2:AQ29B0  |h Other scheme  |i book  |k 9(1964/65)-11(1967)  |m 0259666 
952 f f |p Can circulate  |a CAVAL  |b CAVAL  |c CAVAL  |d CARM 1 Store  |e D07926  |f A3:AB07A3  |h Other scheme  |i book  |k 20:1(1975:01)-20:6(1975:06)  |m 0255425 
952 f f |p Can circulate  |a CAVAL  |b CAVAL  |c CAVAL  |d CARM 1 Store  |e F09613  |h Other scheme  |i book  |k 35:9(1990:09)-37:11(1992:11)  |m 0481487 
952 f f |p Can circulate  |a CAVAL  |b CAVAL  |c CAVAL  |d CARM 1 Store  |e D07934  |f A3:AB07A0  |h Other scheme  |i book  |k 28:1(1983:01)-31:6(1986:06)  |m 0255427 
952 f f |p Can circulate  |a CAVAL  |b CAVAL  |c CAVAL  |d CARM 1 Store  |e E01765  |f A2:AQ27F0  |h Other scheme  |i book  |k 8(1963/64)  |m 0273547 
952 f f |p Can circulate  |a CAVAL  |b CAVAL  |c CAVAL  |d CARM 1 Store  |e D07929  |f A3:AB07A4  |h Other scheme  |i book  |k 24:7(1979:07)-27:12(1982:12)  |m 0255428 
952 f f |p Can circulate  |a CAVAL  |b CAVAL  |c CAVAL  |d CARM 1 Store  |e D07930  |f A3:AB07A1  |h Other scheme  |i book  |k 20:7(1975:07)-24:6(1979:06)  |m 0255426 
952 f f |a CAVAL  |b CAVAL  |c CAVAL  |d Unmapped Location  |e F09611  |f A3:AJ25E0  |h Other scheme 
952 f f |a CAVAL  |b CAVAL  |c CAVAL  |d Unmapped Location  |e F09613  |f A3:AJ21E0  |h Other scheme 
952 f f |a CAVAL  |b CAVAL  |c CAVAL  |d Unmapped Location  |e F09612  |f A3:AJ21E0  |h Other scheme 
952 f f |a CAVAL  |b CAVAL  |c CAVAL  |d Unmapped Location  |e F09608  |f A3:AJ21E0  |h Other scheme